SKIBIDI OCEANIA RIZZ - Statistics

General Stats
  • This quiz has been taken 3 times
  • The average score is 5 of 26
Answer Stats
ヒント Answer % Correct
THIS HAS TO BE Austria Australia
100%
Fi JIIIIIIIIIIIIIII Fiji
67%
Pa LAUUUUUU Palau
67%
TUVALUS? Tuvalu
67%
USA's island Guam
33%
That Random Seagull Kiribati
33%
Mar, Shall Is lands? Marshall Islands
33%
Microscopic INDONESIA Micronesia
33%
SMALL Nauru
33%
Mew Caledonia New Caledonia
33%
Hello Mr.BreadMaker IDK How to call those jobs Baker Islands
0%
Skibidi Fatty Kitchen Cook Islands
0%
USA changed its name to American Samoa
0%
Mew Z New Zealand
0%
Napoleon's RIZZ French Polynesia
0%
Johnson, you own a country? Johnson Atoll
0%
Get out of the way coral reef! Midway Atoll
0%
N and 3 vowels Niue
0%
FORKSSSS Norfolk Islands
0%
A dad made this new country in Africa Papua New Guinea
0%
Wow, USA picked on this guy Samoa
0%
Tuna Isles Solomon Islands
0%
Random Name Tokelau
0%
Nihon no onomatope hannma-no yatsu ga dayo! Tonga
0%
VVVVVVVVVV Vanuatu
0%
Wake Up! Wake Islands
0%
No matching quizzes found
Score Distribution
Percent of People with Each Score
Percentile by Number Answered
Your Score History
You have not taken this quiz